Perspectivas sobre el humanismo (Registro nro. 538504)
[ vista simple ]
| 001 - NÚMERO DE CONTROL | |
|---|---|
| campo de control | 1184923 |
| 005 - FECHA Y HORA DE LA ÚLTIMA TRANSACCIÓN | |
| campo de control | 20260507135122.0 |
| 008 - DATOS DE LONGITUD FIJA--INFORMACIÓN GENERAL | |
| campo de control de longitud fija | 100121s2009 spa |
| 020 ## - NÚMERO INTERNACIONAL ESTÁNDAR DEL LIBRO | |
| Número Internacional Estándar del Libro | 9789588028835 |
| 035 ## - NÚMERO DE CONTROL DEL SISTEMA | |
| Número de control de sistema | 1184923 |
| 035 ## - NÚMERO DE CONTROL DEL SISTEMA | |
| Número de control de sistema | (OCoLC)777039036 |
| 040 ## - FUENTE DE LA CATALOGACIÓN | |
| Centro/agencia transcriptor | comduadb |
| 041 ## - CÓDIGO DE LENGUA | |
| Código de lengua del texto/banda sonora o título independiente | spa |
| 082 #4 - NÚMERO DE LA CLASIFICACIÓN DECIMAL DEWEY | |
| Número de clasificación | 144 |
| 100 10 - ENTRADA PRINCIPAL--NOMBRE DE PERSONA | |
| Nombre de persona | Cuadros Contreras, Raúl |
| Código de función | edt |
| Término indicativo de función/relación | Editor/a |
| 9 (RLIN) | 564516 |
| 245 10 - MENCIÓN DE TÍTULO | |
| Título | Perspectivas sobre el humanismo |
| 260 ## - PUBLICACIÓN, DISTRIBUCIÓN, ETC. | |
| Lugar de publicación, distribución, etc. | Ibagué (Colombia) : |
| Nombre del editor, distribuidor, etc. | Universidad de Ibagué, |
| Fecha de publicación, distribución, etc. | 2009. |
| 300 ## - DESCRIPCIÓN FÍSICA | |
| Extensión | 187 páginas |
| 505 ## - NOTA DE CONTENIDO CON FORMATO | |
| Nota de contenido con formato | CONTENIDO : Pistas para un recorrido necesaario. -- Humanismo Griego. -- A propósito de la noción de amistad en Aristóteles : consideraciones sobre la dificultad del vínculo social en la sociedad contemporánea. -- El humanismo renacentista. -- El humanismo y el espítitu fáustico moderno. -- La muerte del hombre : un intento de clarificación. -- Breve reflexión histórica-crítica sobre la actual crisis de valores. -- Antropología multidimesional. La unidad biológico-espiritual, racio-pulsional, natural y cultural. -- Lo humano es otro : reflexiones sobre alteridad técnica. -- La disputa Sartre, Heidegger y el marxismo en torno al carácter del Humanismo. -- La Ética como cuidado de sí : Una aproximación desde Michael Foucault. |
| 520 3# - SUMARIO, ETC. | |
| Sumario, etc. | Los textos publicados en este volumen recogen algunas de las inquietudes y puntos de vista más importantes que, sobre el asunto del humanismo y del humanismo contemporáneo, surgieron en los seminarios diseñados por los profesores del Centro de Humanidades de la Universidad de Ibagué, como parte de una estrategia de autocualificación, entre los años 2002 y 2007. Quienes los escribimos tratamos de retomar no sólo nuestras palabras, sino también la palabra ajena —esa que nos habita y nos constituye de muchos de nuestros colegas que tuvieron la paciencia y la disposición de ánimo para avanzar en un trabajo colectivo. Varios de estos artículos fueron publicados ya en revistas de la Universidad, en respuesta, en cada momento, al proceso de discusión y elaboración que la participación en los seminarios nos suscitaba. Otros han sido elaborados recientemente para tratar de ampliar la perspectiva e incorporar nuevos aspectos al debate. Tomados como una totalidad, los ofrecemos a la comunidad universitaria como un conjunto de textos fundamentadotes de las distintas posiciones humanistas que, como centro, hemos defendido en la Universidad y que, como profesores del programa de Filosofía, seguimos discutiendo entre nosotros. En ese sentido, queremos que sean recibidos como fragmentos de un tejido discursivo cuyo sentido no se agota en los con fines de su escritura sino que se continúa en los intertextos de un debate que sigue abierto. |
| 600 #4 - PUNTO DE ACCESO ADICIONAL DE MATERIA--NOMBRE DE PERSONA | |
| Nombre de persona | Sartre, Jean-Paul, |
| Fechas asociadas al nombre | 1905-1980 |
| Subdivisión general | Crítica e interpretación |
| 9 (RLIN) | 857057 |
| 650 #7 - PUNTO DE ACCESO ADICIONAL DE MATERIA--TÉRMINO DE MATERIA | |
| Término de materia o nombre geográfico como elemento de entrada | Humanismo |
| Fuente del encabezamiento o término | lemb |
| 9 (RLIN) | 32776 |
| 650 ## - PUNTO DE ACCESO ADICIONAL DE MATERIA--TÉRMINO DE MATERIA | |
| Término de materia o nombre geográfico como elemento de entrada | Humanismo y modernidad |
| 9 (RLIN) | 185584 |
| 650 ## - PUNTO DE ACCESO ADICIONAL DE MATERIA--TÉRMINO DE MATERIA | |
| Término de materia o nombre geográfico como elemento de entrada | Humanismo - Historia |
| 9 (RLIN) | 6849 |
| 650 ## - PUNTO DE ACCESO ADICIONAL DE MATERIA--TÉRMINO DE MATERIA | |
| Término de materia o nombre geográfico como elemento de entrada | Humanismo y Renacimiento |
| 9 (RLIN) | 180694 |
| 650 ## - PUNTO DE ACCESO ADICIONAL DE MATERIA--TÉRMINO DE MATERIA | |
| Término de materia o nombre geográfico como elemento de entrada | Heidegger, Martin, 1889-1976 - Crítica e interpretación |
| 9 (RLIN) | 72536 |
| 700 10 - ENTRADA AGREGADA--NOMBRE PERSONAL | |
| Nombre de persona | Leal Guerrero, Sigifredo |
| Código de función | rev |
| Término indicativo de función/relación | Revisor/a |
| 9 (RLIN) | 758169 |
| 700 10 - ENTRADA AGREGADA--NOMBRE PERSONAL | |
| Nombre de persona | Dimey, Martha Lucía de |
| Código de función | rev |
| Término indicativo de función/relación | Revisor/a |
| 9 (RLIN) | 770519 |
| 700 10 - ENTRADA AGREGADA--NOMBRE PERSONAL | |
| Nombre de persona | Cuadros Contreras, Raúl |
| Código de función | aut |
| Término indicativo de función/relación | Autor/a |
| 9 (RLIN) | 564516 |
| 700 10 - ENTRADA AGREGADA--NOMBRE PERSONAL | |
| Nombre de persona | Diaz Novoa, Gildardo |
| Código de función | aut |
| Término indicativo de función/relación | Autor/a |
| 9 (RLIN) | 564243 |
| 700 10 - ENTRADA AGREGADA--NOMBRE PERSONAL | |
| Nombre de persona | Delgado Rubio, Edgar |
| Código de función | aut |
| Término indicativo de función/relación | Autor/a |
| 9 (RLIN) | 517180 |
| 700 10 - ENTRADA AGREGADA--NOMBRE PERSONAL | |
| Nombre de persona | Trujillo Tejada, Milton Fernando |
| Código de función | aut |
| Término indicativo de función/relación | Autor/a |
| 9 (RLIN) | 769244 |
| 942 ## - ELEMENTOS DE ENTRADA AGREGADA (KOHA) | |
| Tipo de ítem Koha | Libros |
| Estado de retiro | Estado de pérdida | Estado dañado | No para préstamo | Código de colección | Localización permanente | Ubicación/localización actual | Fecha de adquisición | Fuente de adquisición | Número de inventario | Total de préstamos | Signatura topográfica completa | Código de barras | Fecha visto por última vez | Número de copia | Precio válido a partir de | Tipo de ítem Koha | Coste, precio normal de compra |
|---|---|---|---|---|---|---|---|---|---|---|---|---|---|---|---|---|---|
| Colección General Piso 2 | Biblioteca Carlos Gaviria Díaz, Campus Medellín | Biblioteca Carlos Gaviria Díaz, Campus Medellín | 21/01/2010 | Material adquirido por donación | C1076824 | 144 P467 | 0743574 | 29/04/2023 | 1 | 29/04/2023 | Libros | ||||||
| Colección General Piso 2 | Biblioteca Carlos Gaviria Díaz, Campus Medellín | Biblioteca Carlos Gaviria Díaz, Campus Medellín | 15/06/2018 | Material adquirido por donación | C1287528 | 144 P467 e2 | 01057344 | 29/04/2023 | 2 | 29/04/2023 | Libros | 34000.00 |